[Event "GRE-ch Schools Gymnasia-B 30th"]
[Site "Peristeri"]
[Date "2018.04.02"]
[Round "8"]
[White "Batzoli, Maria"]
[Black "Nomikos, Giorgos"]
[Result "0-1"]
[WhiteElo "1320"]
[BlackElo "1637"]
[PlyCount "72"]
[EventDate "2018.04.01"]
[EventType "swiss (rapid)"]
[EventRounds "9"]
[EventCountry "GRE"]
[SourceTitle "EXT 2019"]
[Source "ChessBase"]
[SourceDate "2018.10.10"]
[SourceVersion "1"]
[SourceVersionDate "2018.10.10"]
[SourceQuality "1"]

1. d4 Nf6 2. Bf4 e6 3. e3 h6 4. h3 b6 5. Nf3 Bb7 6. Bd3 Be7 7. Nbd2 c5 8. c3 0-0 9. 0-0 d6 10. Qe2 Nh5 11. Bh2 Nd7 12. Ne4 Bxe4 13. Bxe4 d5 14. Bd3 Nhf6 15. Ne5 Nxe5 16. Bxe5 Bd6 17. Bxf6 Qxf6 18. f4 c4 19. Bc2 b5 20. Rf3 Rab8 21. e4 dxe4 22. Qxe4 g6 23. g3 a5 24. a4 Rfc8 25. Rf2 b4 26. Bd1 Rb6 27. Rc2 bxc3 28. bxc3 Rcb8 29. Be2 Rc8 30. Raa2 Qe7 31. Rab2 Qc7 32. Qe3 Rcb8 33. Qd2 Qc6 34. Rxb6 Rxb6 35. Ra2 Rb1+ 36. Bd1 Qf3 0-1

[Event "GRE-ch U14 Girls"]
[Site "Achaia"]
[Date "2017.07.01"]
[Round "6"]
[White "Apostolidou, Eleni"]
[Black "Batzoli, Maria"]
[Result "1/2-1/2"]
[WhiteElo "1342"]
[BlackElo "1359"]
[PlyCount "111"]
[EventDate "2017.06.26"]
[EventType "swiss"]
[EventRounds "7"]
[EventCountry "GRE"]
[SourceTitle "CBM 179 Extra"]
[Source "ChessBase"]
[SourceDate "2017.08.23"]
[SourceVersion "1"]
[SourceVersionDate "2017.08.23"]
[SourceQuality "1"]

1. e4 c6 2. d4 d5 3. Nc3 dxe4 4. Nxe4 h6 5. Nf3 Bf5 6. Ng3 Bh7 7. Be3 Nf6 8. h3 e6 9. Bd3 Bxd3 10. Qxd3 Bd6 11. Ne4 Nd5 12. Nxd6+ Qxd6 13. Bd2 Nd7 14. Qb3 Rb8 15. 0-0 b5 16. Qd3 0-0 17. Rfe1 N7f6 18. Ne5 c5 19. dxc5 Qxc5 20. c4 bxc4 21. Qxc4 Qxc4 22. Nxc4 Rfc8 23. b3 Nb4 24. Rec1 Nfd5 25. Kf1 Kf8 26. Ke2 Ke7 27. Bxb4+ Nxb4 28. Ne3 Rd8 29. Nc2 Nd3 30. Rd1 Nf4+ 31. Kf3 g5 32. Ne3 Nd3 33. Ke2 Ne5 34. Rac1 Rdc8 35. Rc2 Rxc2+ 36. Nxc2 Rc8 37. Ne3 Rc5 38. Rd2 a5 39. Kd1 f5 40. Rc2 Kd6 41. Kd2 h5 42. Rxc5 Kxc5 43. Kc3 f4 44. Nc2 Nc6 45. a3 e5 46. b4+ axb4+ 47. axb4+ Kb5 48. f3 Ne7 49. Kd3 Kc6 50. Kc4 Nc8 51. b5+ Kd6 52. Kd3 Nb6 53. Ke4 Ke6 54. Nb4 Nd7 55. Nc6 Nb6 56. Nb4 1/2-1/2

[Event "GRE-ch U12 Girls"]
[Site "Porto Rio"]
[Date "2016.06.30"]
[Round "4"]
[White "Batzoli, Maria"]
[Black "Karavitaki, Evaggelia"]
[Result "0-1"]
[WhiteElo "1236"]
[BlackElo "1521"]
[PlyCount "76"]
[EventDate "2016.06.28"]
[EventType "swiss"]
[EventRounds "9"]
[EventCountry "GRE"]
[SourceTitle "CBM 173 Extra"]
[Source "ChessBase"]
[SourceDate "2016.08.29"]
[SourceVersion "1"]
[SourceVersionDate "2016.08.29"]
[SourceQuality "1"]

1. e4 c5 2. Nf3 e6 3. c3 Nf6 4. e5 Nd5 5. d4 cxd4 6. cxd4 d6 7. a3 Bd7 8. Bd3 Bc6 9. 0-0 Be7 10. Bd2 Nd7 11. Re1 0-0 12. Nc3 Nxc3 13. Bxc3 Rc8 14. Rc1 dxe5 15. dxe5 Nc5 16. Bb1 Qxd1 17. Rcxd1 Na4 18. Bd4 b6 19. Be4 Bxe4 20. Rxe4 Rc2 21. b3 Nc3 22. Bxc3 Rxc3 23. Rd7 Bxa3 24. Rxa7 Rxb3 25. h3 Bc5 26. Rg4 Rb1+ 27. Kh2 Bxf2 28. Ng5 Bg1+ 29. Kg3 Rb3+ 30. Kh4 Bf2+ 31. g3 h5 32. Kxh5 Rxg3 33. Nxe6 Rxh3+ 34. Kg5 fxe6 35. Rf4 Be3 36. Raa4 Rxf4 37. Rxf4 Bxf4+ 38. Kxf4 b5 0-1

[Event "GRE-ch U12 Girls"]
[Site "Rio Achaia"]
[Date "2015.06.29"]
[Round "5.6"]
[White "Kokona, Eleni"]
[Black "Batzoli, Maria"]
[Result "1/2-1/2"]
[WhiteElo "1189"]
[BlackElo "1133"]
[PlyCount "110"]
[EventDate "2015.06.26"]
[EventType "swiss"]
[EventRounds "9"]
[EventCountry "GRE"]
[SourceTitle "EXT 2024"]
[Source "ChessBase"]
[SourceDate "2023.10.10"]
[SourceVersion "1"]
[SourceVersionDate "2023.10.10"]
[SourceQuality "1"]

1. e4 e6 2. d4 d5 3. e5 c5 4. c3 Nc6 5. a3 Qb6 6. Nf3 Nh6 7. b4 cxd4 8. cxd4 Nf5 9. Bb2 Bd7 10. Be2 Na5 11. Nbd2 Nc6 12. Nb3 a5 13. b5 Na7 14. a4 Bb4+ 15. Nbd2 0-0 16. 0-0 Be7 17. Nb3 Qd8 18. Ba3 b6 19. Bxe7 Qxe7 20. Qd2 Nc8 21. Rfc1 Qd8 22. Qf4 Nce7 23. Qg5 Ng6 24. Qd2 Qe7 25. g3 Rac8 26. Bf1 Rxc1 27. Rxc1 Rc8 28. Rxc8+ Bxc8 29. Qc3 Qd7 30. Na1 Bb7 31. Nc2 Qc8 32. Qxc8+ Bxc8 33. Nce1 Kf8 34. Nd3 Ke7 35. Be2 h6 36. g4 Nfh4 37. Nxh4 Nxh4 38. Nf4 f6 39. Ng2 Nxg2 40. Kxg2 Bb7 41. f4 fxe5 42. fxe5 Bc8 43. Bd3 Bd7 44. Kf3 g5 45. h3 Kf8 46. Kg3 Kg7 47. Kf3 Be8 48. Kg3 Bg6 49. Bxg6 Kxg6 50. Kf3 Kg7 51. Kg3 Kg6 52. Kf3 Kg7 53. Kg3 Kg6 54. Kf3 Kg7 55. Kg3 Kg6 1/2-1/2